Online
Catalog

Mitología del yo : (Record no. 2941)

MARC details
000 -CABECERA
campo de control de longitud fija 00917cam a2200253 a 4500
001 - NÚMERO DE CONTROL
campo de control 000003110
005 - FECHA Y HORA DE LA ÚLTIMA TRANSACCIÓN
campo de control 20200929150331.0
008 - DATOS DE LONGITUD FIJA--INFORMACIÓN GENERAL
campo de control de longitud fija 840426s1989 ag a b s001 p spa
020 ## - NÚMERO INTERNACIONAL ESTÁNDAR DEL LIBRO
Número Internacional Estándar del Libro 9509097977
040 ## - FUENTE DE LA CATALOGACIÓN
Centro catalogador/agencia de origen DO-SdBNP
Centro/agencia transcriptor DLC
Centro/agencia modificador DLC
041 17 - CÓDIGO DE LENGUA
Código de lengua del texto/banda sonora o título independiente spa
Código de lengua original eng
082 ## - NÚMERO DE LA CLASIFICACIÓN DECIMAL DEWEY
Número de clasificación 811.52
Número de documento/Ítem B329m
100 1# - ENTRADA PRINCIPAL--NOMBRE DE PERSONA
Nombre de persona Bates, Milton J.
Fechas asociadas al nombre 1851-1893
9 (RLIN) 9790
240 10 - TÍTULO UNIFORME
Título uniforme Wallace Stevens, a mythology of self.
Lenguaje de la obra Español.
245 10 - MENCIÓN DE TÍTULO
Título Mitología del yo :
Resto del título El poeta Wallace Stevens /
Mención de responsabilidad, etc. Milton J. Bates; Traducción de Aníbal Leal.
260 ## - PUBLICACIÓN, DISTRIBUCIÓN, ETC.
Lugar de publicación, distribución, etc. Buenos Aires :
Nombre del editor, distribuidor, etc. Fraterna,
Fecha de publicación, distribución, etc. 1989.
300 ## - DESCRIPCIÓN FÍSICA
Extensión 383 p. :
Otras características físicas il. ;
Dimensiones 20 cm.
504 ## - NOTA DE BIBLIOGRAFÍA, ETC.
Nota de bibliografía, etc. Incluye referencias bibliográficas e índices.
534 ## - NOTA SOBRE LA VERSIÓN ORIGINAL
Encabezamiento principal del original Titulo Original:
Mención de título del original Wallace Stevens, a mythology of self
600 14 - PUNTO DE ACCESO ADICIONAL DE MATERIA--NOMBRE DE PERSONA
Nombre de persona Stevens, Wallace,
Fechas asociadas al nombre 1879-1955.
9 (RLIN) 9791
650 #4 - PUNTO DE ACCESO ADICIONAL DE MATERIA--TÉRMINO DE MATERIA
Término de materia o nombre geográfico como elemento de entrada Poesía estadounidense
Subdivisión cronológica SIGLO XX
9 (RLIN) 9792
700 1# - PUNTO DE ACCESO ADICIONAL--NOMBRE DE PERSONA
Nombre de persona Leal, Aníbal
Término indicativo de función/relación tr.
9 (RLIN) 4573
910 ## - DATOS DE OPCIÓN DEL USUARIO (OCLC)
Datos de opción del usuario Catalogación por copia / LC
Holdings
Estado de retiro Estado de pérdida Restricciones de uso No para préstamo Código de colección Localización permanente Ubicación/localización actual Ubicación en estantería Fecha de adquisición Número de inventario Total de préstamos Signatura topográfica completa Código de barras Fecha visto por última vez Precio válido a partir de Tipo de ítem Koha
    Préstamo interno   Monografías: Libros y Folletos General General En catalogación 06.07.2009 LF1   811.52 B329m 3110-10 25.06.2020 25.06.2020 Préstamo interno

Powered by Koha